书目信息 |
| 题名: |
整个巴黎属于我
|
|
| 作者: | 布鲁姆 著 ;袁子奇 译 | |
| 分册: | ||
| 出版信息: | 北京 中信出版集团股份有限公司 2019.01 |
|
| 页数: | 411页, [1] 叶图版 | |
| 开本: | 21cm | |
| 丛书名: | ||
| 单 册: | ||
| 中图分类: | I712.55 , K837.125.6=533 | |
| 科图分类: | ||
| 主题词: | 纪实文学--ji shi wen xue--美国--现代 | |
| 电子资源: | ||
| ISBN: | 978-7-5086-9120-6 | |
| 000 | 01760nam0 2200277 450 | |
| 001 | 1967059109 | |
| 005 | 20190412130929.6 | |
| 010 | @a978-7-5086-9120-6@dCNY 59.80 | |
| 100 | @a20190411d2019 em y0chiy50 ea | |
| 101 | 1 | @achi@ceng |
| 102 | @aCN@b110000 | |
| 105 | @aaf z 000zd | |
| 200 | 1 | @a整个巴黎属于我@Azheng ge ba li shu yu wo@f(美) 莱斯利·M.M.布鲁姆著@d= Everybody behaves badly@fLesley M.M. Blume@g袁子奇译@zeng |
| 210 | @a北京@c中信出版集团股份有限公司@d2019.01 | |
| 215 | @a411页, [1] 叶图版@c图@d21cm | |
| 314 | @a莱斯利·M.M.布鲁姆, 文化史学家、记者、小说家。 | |
| 330 | @a本书是一部美国现代纪实文学。内容: 21岁到27岁, 在人生的黄金时代, 海明威旅居巴黎, 度过了一段困顿、疯狂的日子。他信仰文学, 心高气傲, 却只能靠做记者度日, 妻子哈德莉的基金是主要经济来源。最为贫困的时候, 他甚至去卢森堡公园偷袭鸽子, 逮住了就回家炖了吃。他是社交宠儿, 热爱拳击和斗牛。打拳击是他交朋友的惯例, 对斗牛的狂热则为他带来了人生第一部重要作品《太阳照常升起》。与杜芙夫人、菲佛姐妹的暧昧, 令海明威吃了哈德莉“一拳” —— 相濡以沫的婚姻宣告结束。他戏仿作品嘲弄恩师, 把巴黎、伦敦、纽约一些精英朋友难以示人的情感纠葛写进小说……海明威从一个无人问津的时代旁观者变成了万众瞩目的焦点。有人说海明威是“坏男孩”, 混合了巴黎的喧嚣、阿尔卑斯山的粗犷、拳击场的野蛮, 还有一种别样的才华光芒。从始至终, 海明威最知道自己想做什么样的人, 取得什么样的成就, 没有任何人和事可以阻挡他。 | |
| 500 | 10 | @aEverybody behaves badly@mChinese |
| 600 | 1 | @a海明威@Ahai ming wei@g(Hemingway, Ernest),@f1899-1961@x生平事迹 |
| 606 | 0 | @a纪实文学@Aji shi wen xue@y美国@z现代 |
| 690 | @aI712.55@v5 | |
| 690 | @aK837.125.6=533@v5 | |
| 701 | 1 | @a布鲁姆@Abu lu mu@g(Blume, Lesley M.M.)@4著 |
| 702 | 0 | @a袁子奇@Ayuan zi qi@4译 |
| 801 | 0 | @aCN@b人天书店@c20190411 |
| 905 | @aBZT@dI712.55@e38 | |
| 整个巴黎属于我/(美) 莱斯利·M.M.布鲁姆著= Everybody behaves badly/Lesley M.M. Blume/袁子奇译.-北京:中信出版集团股份有限公司,2019.01 |
| 411页, [1] 叶图版:图;21cm |
| ISBN 978-7-5086-9120-6:CNY 59.80 |
| 本书是一部美国现代纪实文学。内容: 21岁到27岁, 在人生的黄金时代, 海明威旅居巴黎, 度过了一段困顿、疯狂的日子。他信仰文学, 心高气傲, 却只能靠做记者度日, 妻子哈德莉的基金是主要经济来源。最为贫困的时候, 他甚至去卢森堡公园偷袭鸽子, 逮住了就回家炖了吃。他是社交宠儿, 热爱拳击和斗牛。打拳击是他交朋友的惯例, 对斗牛的狂热则为他带来了人生第一部重要作品《太阳照常升起》。与杜芙夫人、菲佛姐妹的暧昧, 令海明威吃了哈德莉“一拳” —— 相濡以沫的婚姻宣告结束。他戏仿作品嘲弄恩师, 把巴黎、伦敦、纽约一些精英朋友难以示人的情感纠葛写进小说……海明威从一个无人问津的时代旁观者变成了万众瞩目的焦点。有人说海明威是“坏男孩”, 混合了巴黎的喧嚣、阿尔卑斯山的粗犷、拳击场的野蛮, 还有一种别样的才华光芒。从始至终, 海明威最知道自己想做什么样的人, 取得什么样的成就, 没有任何人和事可以阻挡他。 |
| ● |
| 相关链接 |
|
|
|
正题名:整个巴黎属于我
索取号:I712.55/38
 
预约/预借
| 序号 | 登录号 | 条形码 | 馆藏地/架位号 | 状态 | 备注 |
| 1 | 863295 | 2000863295 | 第一书库/ [索取号:I712.55/38] | 在馆 | |
| 2 | 863296 | 2000863296 | 第一书库/ [索取号:I712.55/38] | 在馆 | |
| 3 | 863297 | 2000863297 | 第一书库/ [索取号:I712.55/38] | 在馆 |